When will this cruel war be over? #5: the diary of ... Read More
Available copies
- 5 of 5 copies available at LARL/NWRL Consortium.
- 2 of 2 copies available at Lake Agassiz Regional Library. (Show preferred library)
Current holds
0 current holds with 5 total copies.
Show Only Available Copies
| Location | Call Number / Copy Notes | Barcode | Shelving Location | Status | Due Date |
|---|---|---|---|---|---|
| Ada Public Library | J DEN (Text) | 33500012288114 | Main | Available | - |
| Detroit Lakes Public Library | J DEN (Text) | 33500011354180 | Main | Available | - |
| Karlstad LINK Site | j DEN (Text) | 35500001921574 | Main | Available | - |
| Red Lake Falls Public Library | j DEN (Text) | 35500006428815 | Main | Available | - |
| Roseau Public Library | j DEN (Text) | 35500005811458 | Main | Available | - |
Record details
- ISBN: 9780545275989
- ISBN: 0590228625 (alk. paper)
- Physical Description: 156 p. ; 20 cm.
- Publisher: New York : Scholastic, 1996.
Content descriptions
| Bibliography, etc. Note: | Includes bibliographical references. |
| Summary, etc.: | The diary of a fictional fourteen-year-old girl ... Read More |
Search for related items by subject
| Subject: | United States > History > Civil War, 1861-1865 > Juvenile fiction. Diaries > Juvenile fiction. Virginia > Juvenile fiction. |
Search for related items by series
| LDR | 02104cam a22004218a 4500 | ||
|---|---|---|---|
| 001 | 18750 | ||
| 003 | LARL_NWRL_CONSORTIUM | ||
| 005 | 19951005160828.8 | ||
| 008 | 950912s1996 nyu j b 000 1deng | ||
| 020 | . | ‡a9780545275989 | |
| 020 | . | ‡a0590228625 (alk. paper) | |
| 035 | . | ‡a(OCoLC)33209441 | |
| 035 | 0 | 0. | ‡ilcmarc/ATV-1806/NWRLTECH |
| 043 | . | ‡an-us--- | |
| 082 | 0 | 0. | ‡a[Fic] ‡220 |
| 092 | . | ‡aj DEN | |
| 099 | . | ‡aDen | |
| 100 | 1 | . | ‡aDenenberg, Barry. ‡0(LARL_NWRL_CONSORTIUM)97805 |
| 245 | 1 | 0. | ‡aWhen will this cruel war be over? ‡n#5: ‡bthe diary of Emma Simpson, Gordonsville, Virginia, 1864 / ‡cby Barry Denenberg. |
| 260 | . | ‡aNew York : ‡bScholastic, ‡c1996. | |
| 300 | . | ‡a156 p. ; ‡c20 cm. | |
| 490 | 0 | . | ‡aDear America ; ‡v5 |
| 504 | . | ‡aIncludes bibliographical references. | |
| 520 | . | ‡aThe diary of a fictional fourteen-year-old girl living in Virginia, in which she describes the hardships endured by her family and friends during one year of the Civil War. | |
| 651 | 0. | ‡aUnited States ‡xHistory ‡yCivil War, 1861-1865 ‡vJuvenile fiction. ‡0(LARL_NWRL_CONSORTIUM)163001 | |
| 650 | 0. | ‡aDiaries ‡vJuvenile fiction. ‡0(LARL_NWRL_CONSORTIUM)171810 | |
| 651 | 0. | ‡aVirginia ‡vJuvenile fiction. | |
| 901 | . | ‡a18750 ‡bOCLC ‡c18750 ‡tbiblio | |

Add to basket
Permalink
Enable Highlighting